[Event "OP-2017-0-04309"]
[Site "LSS email"]
[Date "2017.03.27"]
[Round "?"]
[White "De Gouveia, Pedro"]
[Black "Easterday, George"]
[Result "1-0"]
[WhiteElo "1809"]
[BlackElo "1189"]
[PlyCount "57"]
[EventDate "2017.03.20"]
[EventType "tourn (corr)"]
[EventRounds "4"]
[EventCountry "GER"]
[SourceTitle "Corr 2022"]
[Source "ChessBase"]
[SourceDate "2021.10.24"]
[SourceVersion "1"]
[SourceVersionDate "2021.10.24"]
[SourceQuality "1"]

1. e4 e5 2. f4 Nc6 3. Nf3 d6 4. d4 Bg4 5. Bb5 exd4 6. 0-0 a6 7. Bxc6+ bxc6 8. Qxd4 Ne7 9. Qf2 c5 10. b3 Rb8 11. Bb2 Rg8 12. Nc3 Ng6 13. f5 Ne5 14. Nxe5 dxe5 15. Nd5 f6 16. Bxe5 fxe5 17. Qg3 Bh5 18. Qxe5+ Be7 19. f6 gxf6 20. Nxf6+ Kf8 21. Nxh7+ Ke8 22. Nf6+ Kf8 23. Nxh5+ Ke8 24. Nf6+ Kf8 25. Nd7+ Ke8 26. Qe6 Rxg2+ 27. Kxg2 Qxd7 28. Qg8+ Bf8 29. Qxf8# 1-0

[Event "OP-2017-0-04309"]
[Site "LSS email"]
[Date "2017.03.27"]
[Round "?"]
[White "Easterday, George"]
[Black "De la Cruz, Piedro"]
[Result "0-1"]
[WhiteElo "1189"]
[BlackElo "1324"]
[PlyCount "66"]
[EventDate "2017.03.20"]
[EventType "tourn (corr)"]
[EventRounds "4"]
[EventCountry "GER"]
[SourceTitle "Corr 2022"]
[Source "ChessBase"]
[SourceDate "2021.10.24"]
[SourceVersion "1"]
[SourceVersionDate "2021.10.24"]
[SourceQuality "1"]

1. e4 c5 2. d3 Nc6 3. Nf3 g6 4. Na3 Nf6 5. Ng5 h6 6. Nf3 d5 7. e5 Nd7 8. Be2 Bg7 9. Nb5 Qa5+ 10. Nc3 d4 11. Bd2 dxc3 12. Bxc3 Qb6 13. 0-0 Ndxe5 14. d4 Nxf3+ 15. Bxf3 cxd4 16. Bd2 Be6 17. Re1 Ne5 18. Be4 0-0 19. b3 Rac8 20. Rc1 f5 21. Bf3 Rc5 22. c4 g5 23. Bh5 f4 24. f3 Bf6 25. Qc2 d3 26. Qc3 Rxc4+ 27. Be3 fxe3 28. bxc4 Nxf3+ 29. gxf3 Bxc3 30. Rxc3 d2 31. Rd1 e2+ 32. Kg2 exd1Q 33. a4 Qdg1# 0-1

[Event "OP-2017-0-04271"]
[Site "LSS email"]
[Date "2017.01.29"]
[Round "?"]
[White "Debonis, Patrick"]
[Black "Easterday, George"]
[Result "1-0"]
[WhiteElo "800"]
[BlackElo "1245"]
[PlyCount "47"]
[EventDate "2017.01.23"]
[EventType "tourn (corr)"]
[EventRounds "4"]
[EventCountry "GER"]
[SourceTitle "Corr 2022"]
[Source "ChessBase"]
[SourceDate "2021.10.24"]
[SourceVersion "1"]
[SourceVersionDate "2021.10.24"]
[SourceQuality "1"]

1. e4 e5 2. Nf3 Nc6 3. Bb5 a6 4. Ba4 b5 5. Bb3 Nf6 6. 0-0 d6 7. c3 Be6 8. Bxe6 fxe6 9. d4 Nxe4 10. a4 exd4 11. Qe2 d5 12. axb5 Nb8 13. Nxd4 Bc5 14. Nxe6 Qe7 15. Qh5+ g6 16. Qxd5 c6 17. Qxe4 Nd7 18. Bg5 Nf6 19. Bxf6 Qxf6 20. Nxc5+ Kd8 21. Rd1+ Kc7 22. Ne6+ Kb6 23. Qxc6+ Ka7 24. Qc7# 1-0

[Event "OP-2017-0-04271"]
[Site "LSS email"]
[Date "2017.01.29"]
[Round "?"]
[White "Easterday, George"]
[Black "Thomae, Eberhard"]
[Result "0-1"]
[WhiteElo "1245"]
[BlackElo "1803"]
[PlyCount "50"]
[EventDate "2017.01.23"]
[EventType "tourn (corr)"]
[EventRounds "4"]
[EventCountry "GER"]
[SourceTitle "Corr 2022"]
[Source "ChessBase"]
[SourceDate "2021.10.24"]
[SourceVersion "1"]
[SourceVersionDate "2021.10.24"]
[SourceQuality "1"]

1. e4 e5 2. Nf3 Nc6 3. Nc3 Nf6 4. Bb5 Nd4 5. Nxd4 exd4 6. Ne2 Nxe4 7. 0-0 Bc5 8. d3 Nf6 9. Bg5 h6 10. Bf4 c6 11. Bc4 d5 12. Bb3 0-0 13. h3 Re8 14. Ng3 a5 15. a4 Bd6 16. Qd2 Bxf4 17. Qxf4 Qb6 18. Qxd4 Qxd4 19. c3 Qh4 20. d4 Bxh3 21. Rfe1 Ng4 22. Rxe8+ Rxe8 23. gxh3 Qxh3 24. Bxd5 Qh2+ 25. Kf1 Qxf2# 0-1

[Event "OP-2016-0-04211"]
[Site "LSS email"]
[Date "2016.11.16"]
[Round "?"]
[White "Easterday, George"]
[Black "Lauer, Frederic"]
[Result "0-1"]
[WhiteElo "1295"]
[BlackElo "1202"]
[PlyCount "36"]
[EventDate "2016.11.11"]
[EventType "tourn (corr)"]
[EventRounds "4"]
[EventCountry "GER"]
[SourceTitle "Corr 2022"]
[Source "ChessBase"]
[SourceDate "2021.10.24"]
[SourceVersion "1"]
[SourceVersionDate "2021.10.24"]
[SourceQuality "1"]

1. e4 e6 2. Nf3 c5 3. Ne5 Qc7 4. f4 Bd6 5. Bc4 Bxe5 6. f5 Bxh2 7. Qh5 Bg3+ 8. Kd1 Nf6 9. Qg5 Nxe4 10. Qxg7 Nf2+ 11. Ke2 Rf8 12. Rxh7 Nc6 13. Rh8 Qe5+ 14. Kf1 Qxg7 15. d3 Qxh8 16. Ke2 Qh5+ 17. Ke3 Qg5+ 18. Kf3 Nd4# 0-1

[Event "OP-2013-0-02579"]
[Site "LSS email"]
[Date "2013.01.10"]
[Round "?"]
[White "Easterday, George"]
[Black "Feng, Jason"]
[Result "0-1"]
[WhiteElo "307"]
[BlackElo "863"]
[PlyCount "30"]
[EventDate "2013.01.04"]
[EventType "tourn (corr)"]
[EventRounds "4"]
[EventCountry "GER"]
[SourceTitle "Corr 2015"]
[Source "ChessBase"]
[SourceDate "2015.07.17"]
[SourceVersion "1"]
[SourceVersionDate "2015.07.17"]
[SourceQuality "1"]

1. e4 e5 2. Nf3 Nc6 3. Bb5 f5 4. Bxc6 dxc6 5. Nxe5 Nf6 6. exf5 Bxf5 7. 0-0 Bd6 8. Re1 0-0 9. Nc4 Bxh2+ 10. Kxh2 Ng4+ 11. Kg3 Qg5 12. Kf3 Bxc2+ 13. Kg3 Qf4+ 14. Kh4 Nxf2+ 15. Kh5 Bg6# 0-1

[Event "OP-2013-0-02579"]
[Site "LSS email"]
[Date "2013.01.10"]
[Round "?"]
[White "Easterday, George"]
[Black "Vontina, Maria"]
[Result "0-1"]
[WhiteElo "307"]
[BlackElo "621"]
[PlyCount "56"]
[EventDate "2013.01.04"]
[EventType "tourn (corr)"]
[EventRounds "4"]
[EventCountry "GER"]
[SourceTitle "Telechess CBM 159"]
[Source "ChessBase"]
[SourceDate "2014.03.17"]
[SourceVersion "1"]
[SourceVersionDate "2014.03.17"]
[SourceQuality "1"]

1. e4 e6 2. d4 d5 3. e5 c5 4. Bb5+ Bd7 5. Bxd7+ Nxd7 6. Nf3 Qb6 7. Be3 Qxb2 8. Nbd2 Qa3 9. dxc5 Nxc5 10. 0-0 Ne7 11. Nb3 Nxb3 12. Qd3 Nf5 13. cxb3 Be7 14. Qb5+ Kd8 15. Bb6+ axb6 16. Qxb6+ Ke8 17. Qxb7 Qa7 18. Qc6+ Kf8 19. a4 g6 20. Rac1 Kg7 21. g4 Nh6 22. g5 Nf5 23. h4 h6 24. gxh6+ Rxh6 25. Ng5 Rxh4 26. Nxe6+ fxe6 27. Qxe6 Rg4+ 28. Kh2 Rh8# 0-1

[Event "SN-2012-0-00430"]
[Site "LSS email"]
[Date "2012.04.23"]
[Round "?"]
[White "Easterday, George"]
[Black "Barrilete, Petaca"]
[Result "0-1"]
[WhiteElo "308"]
[BlackElo "1178"]
[PlyCount "52"]
[EventDate "2012.03.15"]
[EventType "tourn (corr)"]
[EventRounds "6"]
[EventCountry "GER"]
[SourceTitle "Telechess CBM 153"]
[Source "ChessBase"]
[SourceDate "2013.03.14"]
[SourceVersion "1"]
[SourceVersionDate "2013.03.14"]
[SourceQuality "1"]

1. e4 c5 2. Nc3 Nc6 3. Nf3 d6 4. Bb5 Bd7 5. e5 Nxe5 6. Bxd7+ Nxd7 7. 0-0 Ngf6 8. Re1 e6 9. d3 Be7 10. h3 0-0 11. Bg5 a6 12. d4 d5 13. dxc5 Nxc5 14. Ne5 Ncd7 15. Qf3 Ne8 16. Bxe7 Qxe7 17. Rad1 Nxe5 18. Qf4 Ng6 19. Qg4 Nf6 20. Qd4 Rac8 21. a3 Rfd8 22. Na4 Rc4 23. Qd3 Rxa4 24. f3 Qc5+ 25. Kf1 Nh5 26. b4 Ng3# 0-1

[Event "SN-2012-0-00430"]
[Site "LSS email"]
[Date "2012.04.23"]
[Round "?"]
[White "Easterday, George"]
[Black "De Wolf, Michiel"]
[Result "0-1"]
[WhiteElo "308"]
[BlackElo "1195"]
[PlyCount "44"]
[EventDate "2012.03.15"]
[EventType "tourn (corr)"]
[EventRounds "6"]
[EventCountry "GER"]
[SourceTitle "Telechess CBM 153"]
[Source "ChessBase"]
[SourceDate "2013.03.14"]
[SourceVersion "1"]
[SourceVersionDate "2013.03.14"]
[SourceQuality "1"]

1. e4 e6 2. d4 d5 3. e5 c5 4. Bb5+ Bd7 5. Bxd7+ Nxd7 6. Nf3 Qb6 7. c3 Ne7 8. Na3 Nf5 9. Bf4 Qxb2 10. Nc2 Qxc3+ 11. Kf1 Be7 12. Bd2 Qd3+ 13. Ke1 Rc8 14. dxc5 Nxc5 15. Rb1 b6 16. Rb4 Ne4 17. Rb3 Qxc2 18. Qxc2 Rxc2 19. Ke2 Nxd2 20. Nxd2 Rxa2 21. Rb4 Bxb4 22. Kd3 Rxd2# 0-1

[Event "ZN-2011-0-01756"]
[Site "LSS email"]
[Date "2011.11.08"]
[Round "?"]
[White "Bormann, Hugo"]
[Black "Easterday, George"]
[Result "1-0"]
[WhiteElo "769"]
[BlackElo "317"]
[PlyCount "63"]
[EventDate "2011.11.02"]
[EventType "match (corr)"]
[EventRounds "2"]
[EventCountry "GER"]
[SourceTitle "Telechess CBM 157"]
[Source "ChessBase"]
[SourceDate "2013.11.12"]
[SourceVersion "1"]
[SourceVersionDate "2013.11.12"]
[SourceQuality "1"]

1. d4 d5 2. c4 e6 3. Nc3 Nf6 4. Bg5 Nbd7 5. cxd5 exd5 6. e3 Bb4 7. Bd3 c6 8. Nf3 h6 9. Bh4 Qa5 10. Qc2 g5 11. Bg3 Ng4 12. a3 Be7 13. b4 Qb6 14. Na4 Qc7 15. Bxc7 b6 16. Qxc6 Bb7 17. Qxb7 Rd8 18. Bxd8 Bxd8 19. Bb5 Ngf6 20. Ne5 0-0 21. Nxd7 Nxd7 22. Qxd7 h5 23. Qxd5 Bf6 24. Rc1 h4 25. Rc7 a6 26. Bxa6 b5 27. Bxb5 Bg7 28. Rxf7 Rxf7 29. Bc4 Kh7 30. Qxf7 g4 31. Bd3+ Kh6 32. Qg6# 1-0

[Event "SN-2011-0-00352"]
[Site "LSS email"]
[Date "2011.06.19"]
[Round "?"]
[White "Easterday, George"]
[Black "De Booy, Marco"]
[Result "0-1"]
[WhiteElo "319"]
[BlackElo "1039"]
[PlyCount "68"]
[EventDate "2011.06.06"]
[EventType "tourn (corr)"]
[EventRounds "6"]
[EventCountry "GER"]
[SourceTitle "Telechess CBM 149"]
[Source "ChessBase"]
[SourceDate "2012.07.17"]
[SourceVersion "1"]
[SourceVersionDate "2012.07.17"]
[SourceQuality "1"]

1. e4 e5 2. Nf3 Nc6 3. Bb5 a6 4. Bc4 Be7 5. Nc3 Nf6 6. 0-0 d6 7. Ng5 0-0 8. Bxf7+ Rxf7 9. Nxf7 Kxf7 10. d3 Be6 11. Bg5 Qd7 12. Qf3 Kg8 13. Rae1 Nd4 14. Qd1 Rf8 15. Qd2 Bh3 16. gxh3 Nf3+ 17. Kg2 Nxd2 18. Rh1 Nf3 19. Kxf3 Qxh3+ 20. Ke2 Qg4+ 21. f3 Qxg5 22. Rhg1 Qf4 23. Rxg7+ Kxg7 24. Rg1+ Kh8 25. Nd5 Nxd5 26. exd5 Qxf3+ 27. Kd2 Qf2+ 28. Kc3 Qxg1 29. a4 Qd4+ 30. Kb3 Qxd5+ 31. c4 Qxd3+ 32. Kb4 d5+ 33. Ka5 Qd2+ 34. b4 Bxb4# 0-1

[Event "SN-2010-0-00281"]
[Site "LSS email"]
[Date "2010.10.19"]
[Round "?"]
[White "Mori, Roberto"]
[Black "Easterday, George"]
[Result "1-0"]
[WhiteElo "601"]
[BlackElo "283"]
[PlyCount "27"]
[EventDate "2010.10.02"]
[EventType "tourn (corr)"]
[EventRounds "6"]
[EventCountry "GER"]
[SourceTitle "Corr 2015"]
[Source "ChessBase"]
[SourceDate "2015.07.17"]
[SourceVersion "1"]
[SourceVersionDate "2015.07.17"]
[SourceQuality "1"]

1. e4 e5 2. Nf3 Nc6 3. d4 exd4 4. Nxd4 Nxd4 5. Qxd4 f6 6. Bc4 Ne7 7. 0-0 d6 8. h3 h5 9. Nc3 h4 10. Bb3 Bd7 11. Nd5 c6 12. Ne3 c5 13. Qc4 Rh5 14. Qf7# 1-0

[Event "SN-2010-0-00281"]
[Site "LSS email"]
[Date "2010.10.19"]
[Round "?"]
[White "Young, Paul"]
[Black "Easterday, George"]
[Result "1-0"]
[WhiteElo "631"]
[BlackElo "294"]
[PlyCount "35"]
[EventDate "2010.10.02"]
[EventType "tourn (corr)"]
[EventRounds "6"]
[EventCountry "GER"]
[SourceTitle "Telechess CBM 143"]
[Source "ChessBase"]
[SourceDate "2011.07.15"]
[SourceVersion "1"]
[SourceVersionDate "2011.07.15"]
[SourceQuality "1"]

1. e4 e5 2. Nf3 Nc6 3. Nc3 Nf6 4. Bc4 d6 5. 0-0 Be6 6. d3 d5 7. Bb5 dxe4 8. Nxe5 Bd7 9. Bg5 Qe7 10. Bf4 exd3 11. Qxd3 0-0-0 12. Bc4 Nxe5 13. Qd4 Bc6 14. Qxa7 b6 15. Rad1 Rxd1 16. Rxd1 Qc5 17. Ba6+ Bb7 18. Qxb7# 1-0

[Event "SN-2010-0-00281"]
[Site "LSS email"]
[Date "2010.10.18"]
[Round "?"]
[White "Easterday, George"]
[Black "Bogric, Robert"]
[Result "0-1"]
[WhiteElo "292"]
[BlackElo "875"]
[PlyCount "52"]
[EventDate "2010.10.02"]
[EventType "tourn (corr)"]
[EventRounds "6"]
[EventCountry "GER"]
[SourceTitle "Telechess CBM 143"]
[Source "ChessBase"]
[SourceDate "2011.07.15"]
[SourceVersion "1"]
[SourceVersionDate "2011.07.15"]
[SourceQuality "1"]

1. e4 c5 2. Bb5 a6 3. Bc4 e6 4. Nf3 Nc6 5. 0-0 b5 6. Bd3 Bb7 7. Re1 Nf6 8. Nc3 b4 9. Na4 Qc7 10. Nxc5 Bc8 11. e5 Ng4 12. g3 Bxc5 13. Kg2 Nxf2 14. Qe2 Nxd3 15. Qxd3 Bb7 16. Qc4 Nxe5 17. Rf1 Nxc4 18. d3 Ne5 19. Bf4 f6 20. Rae1 d6 21. d4 Bxd4 22. c3 bxc3 23. b3 Bxf3+ 24. Kh3 Bg4+ 25. Kg2 Qc6+ 26. Rf3 Qxf3# 0-1

[Event "LSS ZN-2010-0-00970"]
[Site "LSS email"]
[Date "2010.03.26"]
[Round "?"]
[White "Easterday, George"]
[Black "Galvein, Prospero"]
[Result "0-1"]
[WhiteElo "299"]
[BlackElo "482"]
[PlyCount "58"]
[EventDate "2010.03.19"]
[EventType "match (corr)"]
[EventRounds "2"]
[EventCountry "GER"]
[SourceTitle "Corr 2013"]
[Source "ChessBase"]
[SourceDate "2012.11.12"]
[SourceVersion "1"]
[SourceVersionDate "2012.11.12"]
[SourceQuality "1"]

1. e4 e5 2. Nf3 Bd6 3. Nc3 Nf6 4. d3 Nc6 5. Be2 Nd4 6. Nxd4 exd4 7. Nb5 Be5 8. 0-0 d6 9. Bg5 h6 10. Bd2 Bd7 11. Na3 g5 12. Nc4 Qe7 13. a4 Ng4 14. g3 h5 15. Ra3 Nf6 16. Rb3 b6 17. Bxg5 Bxa4 18. Rb4 Bd7 19. Qd2 c5 20. Rb3 Bh3 21. Ra1 d5 22. Nxe5 Qxe5 23. Rb5 Nxe4 24. dxe4 Qxe4 25. f3 Qe5 26. f4 Qe4 27. Kf2 Qg2+ 28. Ke1 Qg1+ 29. Bf1 Qxf1# 0-1

[Event "LSS ZN-2010-0-00970"]
[Site "LSS email"]
[Date "2010.03.26"]
[Round "?"]
[White "Galvein, Prospero"]
[Black "Easterday, George"]
[Result "1/2-1/2"]
[WhiteElo "399"]
[BlackElo "288"]
[PlyCount "94"]
[EventDate "2010.03.19"]
[EventType "match (corr)"]
[EventRounds "2"]
[EventCountry "GER"]
[SourceTitle "Telechess CBM 147"]
[Source "ChessBase"]
[SourceDate "2012.03.16"]
[SourceVersion "1"]
[SourceVersionDate "2012.03.16"]
[SourceQuality "1"]

1. e4 e5 2. Nf3 Nc6 3. d4 exd4 4. Nxd4 Nxd4 5. Qxd4 Nf6 6. Nc3 d6 7. Bg5 Be7 8. Nd5 Nxd5 9. Bxe7 Qxe7 10. Qxd5 c6 11. Qb3 Qxe4+ 12. Qe3 Qxe3+ 13. fxe3 0-0 14. Bd3 g6 15. 0-0 Be6 16. b3 c5 17. c4 Bd7 18. a4 Rfe8 19. Rae1 b6 20. e4 Re5 21. h3 a5 22. Rf2 Rf8 23. h4 Be6 24. g3 h5 25. Rf3 Bh3 26. Kh2 Bg4 27. Rf6 Kg7 28. Ref1 Kg8 29. Bc2 Be2 30. R1f2 Bg4 31. R2f4 Bd7 32. Bd1 Bc8 33. g4 hxg4 34. Bxg4 Bxg4 35. Rxg4 Rh5 36. Kh3 Kg7 37. Rxd6 Re8 38. Rxb6 Rd8 39. Rg5 Rxg5 40. hxg5 Rd3+ 41. Kg4 Re3 42. Kf4 Rh3 43. Ke5 Rh5 44. Kf4 Rh4+ 45. Ke5 Rh5 46. Kf4 Rh4+ 47. Ke5 Rh5 1/2-1/2

[Event "OP-2010-0-01054"]
[Site "LSS email"]
[Date "2010.01.20"]
[Round "?"]
[White "Easterday, George"]
[Black "Prosperi, Agostino"]
[Result "0-1"]
[WhiteElo "307"]
[BlackElo "1869"]
[PlyCount "48"]
[EventDate "2010.01.15"]
[EventType "tourn (corr)"]
[EventRounds "4"]
[EventCountry "GER"]
[SourceTitle "Corr 2013"]
[Source "ChessBase"]
[SourceDate "2012.11.12"]
[SourceVersion "1"]
[SourceVersionDate "2012.11.12"]
[SourceQuality "1"]

1. e4 c6 2. d4 d5 3. exd5 cxd5 4. Bb5+ Bd7 5. Bxd7+ Nxd7 6. Nf3 e6 7. Nc3 Ngf6 8. 0-0 Bd6 9. Re1 0-0 10. Ng5 Rc8 11. Nb5 Bb8 12. Nxe6 fxe6 13. Nd6 Bxd6 14. Rxe6 Bb8 15. Bg5 Re8 16. Rxe8+ Qxe8 17. Qd3 Qh5 18. Be3 Qxh2+ 19. Kf1 Qh1+ 20. Ke2 Qxa1 21. Bh6 Re8+ 22. Kf3 Qh1 23. Bxg7 Qh5+ 24. g4 Qxg4# 0-1